|
|
|
|
| LEADER |
00821nam a22002532a 4500 |
| 001 |
001315796 |
| 003 |
CZ BrMZK |
| 005 |
20130924154439.0 |
| 007 |
ta |
| 008 |
130806s1969 xr er|||||||||||cze d |
| 015 |
|
|
|a cnb000426248
|
| 035 |
|
|
|a (OCoLC)42161593
|
| 040 |
|
|
|a ABA001
|b cze
|c ULG001
|d ABA001
|d BOA001
|
| 080 |
9 |
|
|a 620.17/.19 :669.14.018.25
|
| 100 |
1 |
|
|a Koutský, Jaroslav,
|d 1929-2016
|7 jk01062397
|4 aut
|
| 245 |
1 |
0 |
|a Materiálové vady ocelových nástrojů /
|c Jaroslav Koutský, František Jandoš
|
| 250 |
|
|
|a 1. vyd.
|
| 260 |
|
|
|a Praha :
|b Nakladatelství technické literatury,
|c 1969
|
| 300 |
|
|
|a 228 s.
|
| 700 |
1 |
|
|a Jandoš, František
|7 xx0054906
|4 aut
|
| 910 |
|
|
|a BOA001
|b 2-0626.553
|
| 990 |
|
|
|a BK
|
| 991 |
|
|
|b 201308
|
| 996 |
7 |
|
|b 2619681687
|c 2-0626.553
|l HP2
|r DEN
|n 1
|w 001350832
|u 000010
|a 1
|e BOA001
|j MZK50
|s A
|